000 00250nam a22001217a 4500
003 SGT
082 _a823
_bDIC
100 _aDICKENS CHARLES
245 _aNICHOLAS NICKLEBY
260 _aU.K
_bPENGUIN PUB
_c1994
300 _a811
942 _2ddc
_cBK
999 _c33595
_d33595